Nezdaniteľné časti základu dane (daňovník čiastočne invalidný, invalidný alebo držiteľ preukazu občana s ťažkým zdravotným postihnutím)

Daňovník (zamestnanec) - poberateľ čiastočného invalidného dôchodku. Daňovník (zamestnanec) - poberateľ invalidného dôchodku. Daňovník (zamestnanec) - držiteľ preukazu občana s ťažkým zdravotným postihnutím. Platnosť preukazu občana s ťažkým zdravotným postihnutím. Príklady.

Na minha lista:
Detalhes bibliográficos
Autor principal: Valicová, Viera
Formato: Capítulo de Livro
Idioma:eslovaco
Assuntos:
Tags: Adicionar Tag
Sem tags, seja o primeiro a adicionar uma tag!

MARC

LEADER 00000naa a2200000 4500
001 r044189
005 20231002074523.5
041 0 |a slo 
044 |a SK 
245 1 0 |a Nezdaniteľné časti základu dane (daňovník čiastočne invalidný, invalidný alebo držiteľ preukazu občana s ťažkým zdravotným postihnutím)  |c Viera Valicová 
520 |a Daňovník (zamestnanec) - poberateľ čiastočného invalidného dôchodku. Daňovník (zamestnanec) - poberateľ invalidného dôchodku. Daňovník (zamestnanec) - držiteľ preukazu občana s ťažkým zdravotným postihnutím. Platnosť preukazu občana s ťažkým zdravotným postihnutím. Príklady. 
610 2 0 |a invalidi 
610 2 0 |a osoby so zníženou pracovnou schopnosťou 
610 2 0 |a zamestnanci 
610 2 0 |a dane 
610 2 0 |a základ dane 
100 1 |a Valicová, Viera